اليهود في موكب التاريخ : (Record no. 14589)

MARC details
000 -الفاتح
حقل البيانات ثابتة الطول 01083nam a2200277 i 4500
003 - محدد رقم الضبط
رقم الضبط EG-ScBUE
005 - وقت وتاريخ اخر تعامل مع التسجيلة
رقم الضبط 20240708111259.0
008 - عناصر البيانات ثابتة الطول - معلومات عامة
حقل البيانات ثابتة الطول 100803s1969 ua f b 000 0cara d
017 ## - رقم الإيداع القانونى
رقم الإيداع القانونى 1970 / 2160
040 ## - مصدر الفهرسة
وكالة الفهرسة الأصلية EG-ScBUE
لغة الفهرسة ara
قواعد الوصف rda
وكالة النسخ EG-ScBUE
وكالة التعديل EG-ScBUE
082 04 - رقم تصنيف ديوى العشرى
رقم الطبعة 22
رقم التصنيف 933.4
رقم المادة ط ع ي
100 1# - المدخل الرئيسى - إسم شخصى
9 (RLIN) 16937
الإسم الشخصى طعيمة، صابر‏،
الدور مؤلف.
245 10 - بيان العنوان
العنوان اليهود في موكب التاريخ :
بقية العنوان دراسة تحليلية منذ عصر أبي الأنبياء /
بيان المسئوليه,etc صابر عبد الرحمن طعيمة.
250 ## - بيان الطبعة
بيان الطبعة الطبعة الأولى.
264 #1 - النشر، التوزيع
مكان الناشر او الموزع القاهرة :
اسم الناشر او الموزع مكتبة القاهرة الحديثة،
تاريخ النشر أو التوزيع 1969.
300 ## - الوصف المادى
التعداد 696 صفحة ؛
أبعاد الوعاء 24 سم
336 ## - نوع المحتوى
source rdacontent
Carrier Type Term نص
Content Type Code txt
337 ## - نوع الوسيط
Media Type Term بدون وسيط
source rdamedia
Media Type Code n
338 ## - نوع الحامل أو الناقل
Carrier Type Term مجلد
Carrier Type Code nc
source rdacarrier
504 ## - تبصرة ببليوجرافية
تبصرة ببليوجرافية,الخ يشتمل على إرجاعات ببليوجرافية.
541 ## - تبصرة المصدر المباشر للتزويد
طريقة التزويد إهداء
650 #7 - المدخل الاضافى بالموضوع-مصطلح موضوعى
9 (RLIN) 16985
مصطلح موضوعي أو اسم جغرافي كعنصر مدخل اليهود
التقسيم الفرعي الزمني تاريخ قديم.
مصدر الرأس أو المصطلح BUEsh
650 #7 - المدخل الاضافى بالموضوع-مصطلح موضوعى
9 (RLIN) 16986
مصطلح موضوعي أو اسم جغرافي كعنصر مدخل اليهود
التقسيم الفرعي العام تراجم.
مصدر الرأس أو المصطلح BUEsh
655 ## - مصطلح تكشيفى-نوع/شكل
التقسيم الفرعي الشكلي Reading book
942 ## - عناصر المدخل الإضافي( كوها)
مصدر التصنيف او مخطط الترفيف Dewey Decimal Classification
Koha [default] item type Book - Borrowing
Holdings
حالة التراجع حالة الفقد مصدر التصنيف او خطة الترفيف حالة تلف ليس للاعارة مجموعات كوها المكان الدائم المكان الحالي موقع الترفيف تاريخ الاكتساب Source of acquisition رقم الاستدعاء الباركود Date last seen مُعار نوع الوعاء
    Dewey Decimal Classification     Donation-Gift Central Library Central Library Second Floor 03/08/2010 Donation 933.4 ط ع ي 000021421 15/07/2025 31/05/2016 Book - Borrowing